Technically Correct Movie Titles II Quiz Stats

 Plays Quiz Updated Aug 28, 2016

Score 0/25 Timer 03:00
3 Plays Today
Movie (A) (A) or (B) % Correct
The Man from U.N.C.L.E.???
87.8%
Raiders of the Lost Ark???
85.8%
American History (X)???
84.6%
Life (of Brian)???
83%
The Sisterhood of the Traveling Pants???
79.8%
Mrs Doubtfire???
79.2%
Twelve Angry Men???
78.8%
Kill Bill: Volume 1 ???
78.5%
Who's Afraid of Virginia Woolf????
74.9%
Ben Hur???
74.7%
7 Samurai ???
74.5%
TRON: Legacy 3D???
68.9%
The Godfather: Part II???
65.7%
Movie (A) (A) or (B) % Correct
Extremely Loud and Incredibly Close???
65.2%
Star Wars - Episode IV: A New Hope???
61.6%
God's Not Dead???
59.5%
The Men Who Stare at Goats???
53.6%
Old Boy???
53.6%
The Chronicles of Narnia: The Lion, the Witch and the Wardrobe???
52.3%
Seeking a Friend for the End of the World???
49.6%
Inglourious Basterds???
49%
The Good, the Bad and the Ugly???
45%
From Dusk Till Dawn???
43.2%
Terminator Genisys???
36%
Dial 'M' for Murder???
29%

You're not logged in!

Compare scores with friends on all Sporcle quizzes.
OR
Log In

Sporcle TV

Today on Sporcle TV


Watch our educational content, quiz creation guides, and fun videos on Sporcle TV.

Show Comments

Extras

Top Quizzes Today


Score Distribution

Your Account Isn't Verified!

In order to create a playlist on Sporcle, you need to verify the email address you used during registration. Go to your Sporcle Settings to finish the process.

Report this User

Report this user for behavior that violates our Community Guidelines.

Details: